000 02115cam a2200409 a 4500
999 _c200427175
_d45099
001 14339220
003 TR-AnTOB
005 20190322123612.0
008 060413s2002 tu h b 001 0 ota d
010 _a 2006307243
020 _a9751728762
040 _aPUL
_cPUL
_dTR-AnTOB
_beng
_erda
041 0 _aota
_atur
042 _alccopycat
_alcode
043 _aa-tu---
050 0 0 _aBP188.9
_b.H374 2002
090 _aBP188.9
_b.H374 2002
100 0 _aHasan Ünsî,
_d1645-1723.
245 1 0 _aMenâkıb-nâme-i Hasan Ünsî /
_cderleyen, İbrahim Hâs ; hazırlayan, Mustafa Tatcı.
250 _a1. baskı.
264 _aAnkara :
_bT.C. Kültür Bakanlığı,
_c2002.
300 _axiii, 275 pages :
_c20 cm
336 _2rdacontent
_atext
337 _2rdamedia
_aunmediated
338 _2rdacarrier
_avolume
490 0 _aT.C. Kültür Bakanlığı yayınları ;
_v2773.
_aYayımlar Dairesi Başkanlığı Kültür eserleri dizisi ;
_v339
504 _aIncludes bibliographies and index.
505 _tŞeyh Hasan Ünsi
_tŞeyh Karabaş-ı Veli
520 _aTasavvufi menakıbnameler, kültür tarihi araştırmalarında başvurulacak ilk kaynaklardandır. İbrahim Has (ö. 1761) tarafından XVIII. asır başlarında derlenen, Hasan Ünsi'nin hayatını anlatan "Menakıb-name-i Hasan Ünsi" de, kaynak eser konumunda olan müstakil sufi tezkirelerinden birisidir. Hasan Ünsi (ö. 1723) İstanbul'da XVII. asırda Üsküdar'da yaşayan asrın en yetkin mutasavvıflardan Karabaş-ı Veli tarafından yetiştirilmiş Halvetiyye tasavvuf ekolüne mensup bir ahlakçı, bir gönül ve aşk adamıdır. "Menakıb-name-i Hasan Ünsi", Ünsi'nin hayatını ortaya koyması yönüyle olduğu kadar, devrin, sosyal, siyasal ve kültürel tarih araştırmalarına malzemeler vermesi açısından da oldukça önemlidir.
546 _aIn modern Turkish and Turkish in Arabic script.
590 _aDonated by Tuba Işınsu İsen Durmuş.
650 0 _aSufism
_vEarly works to 1800.
700 1 _aHâs, İbrahim.
700 1 _aTatçı, Mustafa.
942 _2lcc
_cBK